000
00246nam a22001097a 4500
082
_a
920/MAN
100
_a
Manak,Geeta
_9
83475
245
_a
SARDAR the Game Changer
260
_a
delhi
_b
Kautilya Books
_c
2023
650
_a
Biography
942
_c
BK
999
_c
68403
_d
68403